|
|
|
|
| LEADER |
00782nam a2200229 a 4500 |
| 001 |
829193 |
| 008 |
101123s1988 uk a 001 0 eng d |
| 020 |
|
|
|a 0521586852
|
| 020 |
|
|
|a 0521337534
|
| 040 |
|
|
|a Uk
|c Uk
|d BD-DhAAL
|
| 082 |
0 |
0 |
|a 004
|2 21
|
| 100 |
1 |
|
|a Kalicharan, Noel
|
| 245 |
1 |
0 |
|a An introduction to computer studies /
|c Noel Kalicharan.
|
| 260 |
|
|
|a Cambridge :
|b Cambridge University Press,
|c c1988.
|
| 300 |
|
|
|a 367 p. :
|b ill. ;
|c 26 cm.
|
| 500 |
|
|
|a Includes index.
|
| 541 |
1 |
|
|a 00010491
|
| 650 |
|
0 |
|a Electronics data processing
|
| 650 |
|
0 |
|a Computers.
|
| 852 |
4 |
|
|a Ayesha Abed library
|j General Shelf.
|
| 999 |
|
|
|c 10101
|d 10101
|
| 952 |
|
|
|0 0
|1 0
|2 ddc
|4 0
|6 004_KAL
|7 0
|9 13345
|a BRACUL
|b BRACUL
|c GEN
|d 2010-12-01
|l 15
|m 89
|o 004 KAL
|p 3010010491
|r 2019-08-28
|s 2019-05-15
|t 1
|w 2010-12-01
|y BK
|